Statistics for Click a Valid Former Soviet Country Flag #1

Click here to take the quiz!

General Stats

  • This quiz has been taken 34 times
  • The average score is 29 of 36

Answer Stats

QuestionTileSelect% Correct
That Are in Central AsiaNo
97%
That Are in Central AsiaNo
97%
That Are in Central AsiaYes
94%
That Are in Central AsiaNo
94%
That Are in Central AsiaYes
94%
That Are Islamic MajorityNo
91%
That Are in Central AsiaYes
91%
That Are LandlockedNo
91%
That Are Islamic MajorityNo
88%
That Are LandlockedNo
88%
That Are Islamic MajorityNo
88%
That Border RussiaYes
85%
That Border RussiaNo
85%
That Are Islamic MajorityNo
85%
That Are Islamic MajorityYes
85%
That Are Islamic MajorityYes
85%
That Are Islamic MajorityNo
82%
That Are in Central AsiaNo
79%
That Are LandlockedYes
79%
That Border RussiaNo
79%
That Border RussiaYes
79%
That Are in Central AsiaNo
79%
That Are Islamic MajorityYes
79%
That Are in Central AsiaNo
79%
That Border RussiaNo
76%
That Are Islamic MajorityNo
76%
That Border RussiaNo
73%
That Are LandlockedYes
73%
That Border RussiaNo
73%
That Are LandlockedYes
73%
That Are LandlockedNo
73%
That Are LandlockedYes
70%
That Border RussiaNo
70%
That Border RussiaYes
70%
That Are LandlockedYes
67%
That Are LandlockedYes
55%

Score Distribution

Percentile by Number Answered

Percent of People with Each Score

Your Score History

You have not taken this quiz